Die 10 schwächste Pokemon - Statistiken

Allgemein
  • Dieses Quiz wurde 99 mal gespielt
  • Das Durchschnittsergebnis liegt bei 4 aus 10
Antwortstatistiken
Basiswertsumme Generation Antwort % Korrekt
195 1. Generation Hornliu
80%
195 1. Generation Raupy
80%
180 2. Generation Sonnkern
57%
195 3. Generation Waumpel
53%
175 7. Generation Lusardin
33%
180 8. Generation Sensect
25%
194 4. Generation Zirpurze
25%
190 3. Generation Azurill
19%
198 3. Generation Trasla
15%
185 8. Generation Snomnom
8%
Keine übereinstimmenden Quizze gefunden
Verteilung der Resultate
Anzahl Personen mit jedem Resultat
Perzentil nach korrekt beantworteten Fragen
Ihre Resultats-Entwicklung
Sie haben dieses Quiz noch nicht gespielt